Digest of civil air regulations for pilots.

Bibliographic Details
Corporate Author: United States. Civil Aeronautics Administration
Format: Book
Language:English
Published: Washington : U.S. Govt. Print Off, 1941.
Edition:5th ed., Aug. 1941.
Series:Civil aeronautics bulletin ; no. 22.
Subjects:

MARC

Tag First Indicator Second Indicator Subfields
LEADER 00000cam a2200000Ia 4500
001 in00002189113
005 20151104071844.0
008 800422s1941 dcuab f000 0 eng
010 |a  41051315  
035 |a (OCoLC)ocm06232233 
040 |a DLC  |c CLE  |d SER  |d OCLCQ  |d TXA  |d UtOrBLW 
043 |a n-us--- 
049 |a TXAM 
050 0 0 |a TL521  |b .A3712 no. 22d 
082 0 |a 387.70973 
090 |a TL521  |b .A32 1941 
110 1 |a United States.  |b Civil Aeronautics Administration. 
245 1 0 |a Digest of civil air regulations for pilots. 
250 |a 5th ed., Aug. 1941. 
264 1 |a Washington :  |b U.S. Govt. Print Off,  |c 1941. 
300 |a ix, 68 pages :  |b illustrations, folded map ;  |c 23 cm. 
336 |a text  |b txt  |2 rdacontent 
337 |a unmediated  |b n  |2 rdamedia 
338 |a volume  |b nc  |2 rdacarrier 
490 1 |a Civil aeronautics bulletin ;  |v no. 22 
650 0 |a Aeronautics  |x Law and legislation  |z United States. 
830 0 |a Civil aeronautics bulletin ;  |v no. 22. 
994 |a C0  |b TXA 
948 |a cataloged  |b h  |c 2006/9/8  |d c  |e mzajicek  |f 10:44:22 am 
999 |a MARS 
999 f f |s a9b05904-2574-32d7-b4fb-fa9263b703b4  |i 8e5e62b7-05e2-3383-98e2-0a98da8a117b  |t 0 
952 f f |p noncirc  |a Texas A&M University  |b College Station  |c Cushing Memorial Library & Archives  |d Cushing: Ragan Military (Does not check out)  |t 0  |e TL521 .A32 1941  |h Library of Congress classification  |i unmediated -- volume 
998 f f |a TL521 .A32 1941  |t 0  |l Cushing: Ragan Military (Does not check out)